LEADER 01522nam 2200493 a 450 001 9910452861603321 005 20200520144314.0 035 $a(CKB)2550000000110415 035 $a(SSID)ssj0000883217 035 $a(PQKBManifestationID)11525054 035 $a(PQKBTitleCode)TC0000883217 035 $a(PQKBWorkID)10923503 035 $a(PQKB)10290741 035 $a(MiAaPQ)EBC3383060 035 $a(Au-PeEL)EBL3383060 035 $a(CaPaEBR)ebr10570071 035 $a(OCoLC)927472812 035 $a(EXLCZ)992550000000110415 100 $a20130118d2008 uy 0 101 0 $aswe 135 $aurcn||||||||| 181 $ctxt 182 $cc 183 $acr 200 00$aProstitution i Norden$b[electronic resource] $eForskningsrapport /$fCharlotta Holmstro?m & May-Len Skilbrei (red.) ; Teknisk bearbetning, Jennie Westlund 210 $aKo?penhamn $cNordiska ministerra?det$d2008 215 $a398 p. $cill 225 0$aTemaNord ;$v2008:604 300 $aBibliographic Level Mode of Issuance: Monograph 311 $a92-893-1817-1 320 $aIncludes bibliographical references. 606 $aProstitution 608 $aElectronic books. 615 0$aProstitution. 701 $aHolmstro?m$b Charlotta$0991803 701 $aSkilbrei$b May-Len$0991804 701 $aWestlund$b Jennie$0991805 801 0$bMiAaPQ 801 1$bMiAaPQ 801 2$bMiAaPQ 906 $aBOOK 912 $a9910452861603321 996 $aProstitution i Norden$92269798 997 $aUNINA LEADER 01050nam 2200373 450 001 9910137743503321 005 20221013165343.0 010 $a953-51-5218-1 035 $a(CKB)3230000000076398 035 $a(NjHacI)993230000000076398 035 $a(EXLCZ)993230000000076398 100 $a20221013d2012 uy 0 101 0 $aeng 135 $aur||||||||||| 181 $ctxt$2rdacontent 182 $cc$2rdamedia 183 $acr$2rdacarrier 200 00$aMeiosis $emolecular mechanisms and cytogenetic diversity /$fAndrew Swan, editor 210 1$a[Place of publication not identified] :$cInTech,$d[2012] 210 4$dİ2012 215 $a1 online resource (474 pages) $cillustrations 311 $a953-51-0118-8 320 $aIncludes bibliographical references. 517 $aMeiosis 606 $aMeiosis 615 0$aMeiosis. 676 $a571.845 702 $aSwan$b Andrew 801 0$bNjHacI 801 1$bNjHacl 906 $aBOOK 912 $a9910137743503321 996 $aMeiosis$9929731 997 $aUNINA LEADER 01924nam 2200541I 450 001 9910704629603321 005 20130708081155.0 035 $a(CKB)5470000002443421 035 $a(OCoLC)852123543 035 $a(EXLCZ)995470000002443421 100 $a20130708d2013 ua 0 101 0 $aeng 135 $aurmn||||||||| 181 $ctxt$2rdacontent 182 $cc$2rdamedia 183 $acr$2rdacarrier 200 10$aNASA software engineering benchmarking study /$fHeather L. Rarick [and four others] 210 1$aWashington, DC :$cNational Aeronautics and Space Administration,$d2013. 215 $a1 online resource (viii, 128 pages) $cillustrations (some color) 225 1 $aNASA/SP ;$v2013-604 300 $aTitle from title screen (viewed on July 8, 2013). 300 $a"May 2013." 320 $aIncludes bibliographical references (page 128). 517 1 $aNational Aeronautics and Space Administration software engineering benchmarking study 606 $aSoftware engineering$2nasat 606 $aComputer programming$2nasat 606 $aStandards$2nasat 606 $aSystems management$2nasat 606 $aComputer systems programs$2nasat 606 $aAerospace industry$2nasat 606 $aProgram verification (computers)$2nasat 606 $aSoftware reliability$2nasat 615 7$aSoftware engineering. 615 7$aComputer programming. 615 7$aStandards. 615 7$aSystems management. 615 7$aComputer systems programs. 615 7$aAerospace industry. 615 7$aProgram verification (computers) 615 7$aSoftware reliability. 700 $aRarick$b Heather L.$01414969 712 02$aUnited States.$bNational Aeronautics and Space Administration, 801 0$bGPO 801 1$bGPO 906 $aBOOK 912 $a9910704629603321 996 $aNASA software engineering benchmarking study$93515657 997 $aUNINA